Pays qui battent l'équipe de France - Statistiques

Statistiques générales
  • Ce quiz a été pris 255 fois
  • Le résultat moyen est 8 sur 12
Statistiques - réponses
Pays V N D % Correct
Italie 11 10 18
96%
Brésil 5 4 6
95%
Espagne 12 7 16
94%
Argentine 3 3 6
91%
Angleterre 10 6 17
87%
Belgique 25 19 30
83%
Union soviétique 2 6 4
46%
Yougoslavie 9 7 10
44%
Hongrie 8 2 12
35%
Tchécoslovaquie 7 4 9
32%
Allemagne de l'Est 2 2 3
31%
Sénégal 0 0 1
29%
Aucun quiz correspondant
Distribution des résultats
% des personnes avec chaque résultat
Percentile par nombre de réponses
Votre historique - résultats
Vous n’avez pas pris ce quiz